| 000 | 00769pam a2200241 a 4500 | ||
|---|---|---|---|
| 005 | 20260322212004.0 | ||
| 008 | data | ||
| 010 | _a 83011413 | ||
| 020 | _a0140068880 (pbk.) | ||
| 020 | _a9780140068887 (pbk.) | ||
| 040 |
_aDLC _cDLC _dDLC |
||
| 050 | 1 | 0 |
_aPN2598.O55 _bA33 1984 |
| 082 | 0 | 0 |
_aB _aB _219 |
| 100 | 1 |
_aOlivier, Laurence, _d1907-1989. |
|
| 245 | 1 | 0 |
_aConfessions of an actor : _ban autobiography / _cLaurence Olivier. |
| 260 |
_aNew York, N.Y. : _bPenguin Books, _c1984, c1982. |
||
| 300 |
_a361 p., [48] p. of plates : _bill. ; _c20 cm. |
||
| 500 | _aReprint. Originally published: New York : Simon and Schuster, c1982. | ||
| 500 | _aIncludes index. | ||
| 600 | 1 | 0 |
_aOlivier, Laurence, _d1907-1989. |
| 650 | 0 |
_aActors _zGreat Britain _xBiography. |
|
| 001 | data | ||
| 999 |
_c59 _d59 |
||